Miasta w województwie dolnośląskim - Statystyki

Ogólne statystyki
  • Ten quiz został rozwiązany 215 razy
  • Średni wynik to 53 z 93
Statystyki odpowiedzi
Populacja Miasto % Poprawnych
674 132 Wrocław
99%
92 568 Legnica
95%
101 082 Wałbrzych
93%
75 429 Jelenia Góra
90%
68 016 Lubin
90%
62 533 Głogów
88%
53 157 Świdnica
87%
24 933 Kłodzko
84%
21 416 Polkowice
78%
29 109 Zgorzelec
76%
33 183 Oława
74%
35 210 Oleśnica
74%
4 278 Karpacz
73%
9 324 Kudowa-Zdrój
72%
37 160 Bolesławiec
70%
30 822 Dzierżoniów
70%
20 713 Jawor
69%
17 243 Kamienna Góra
69%
14 299 Ząbkowice Śląskie
66%
16 152 Bogatynia
64%
10 778 Góra
64%
5 832 Szklarska Poręba
64%
13 624 Trzebnica
64%
12 043 Wołów
63%
14 257 Złotoryja
63%
19 640 Lubań
62%
10 785 Milicz
62%
4 995 Lądek-Zdrój
60%
20 543 Nowa Ruda
60%
9 548 Środa Śląska
60%
15 026 Strzegom
60%
21 870 Świebodzice
60%
7 171 Kąty Wrocławskie
59%
5 994 Polanica-Zdrój
59%
28 181 Bielawa
58%
4 051 Duszniki-Zdrój
58%
8 180 Lwówek Śląski
58%
8 992 Oborniki Śląskie
58%
11 956 Strzelin
58%
15 088 Jelcz-Laskowice
57%
4 637 Bolków
56%
12 565 Brzeg Dolny
55%
9 045 Bystrzyca Kłodzka
55%
5 026 Jaworzyna Śląska
53%
4 992 Stronie Śląskie
53%
3 961 Świeradów-Zdrój
53%
5 247 Szczawno-Zdrój
53%
2 470 Złoty Stok
53%
2 329 Bardo
52%
9 806 Kowary
52%
2 397 Międzylesie
52%
14 272 Boguszów-Gorce
51%
5 568 Lubawka
51%
7 995 Ziębice
51%
12 392 Chojnów
50%
4 652 Jedlina Zdrój
50%
5 774 Piechowice
50%
9 928 Syców
50%
6 205 Żmigród
50%
6 148 Gryfów Śląski
49%
4 328 Kamieniec Ząbkowicki
49%
5 601 Przemków
49%
5 288 Ścinawa
49%
1 577 Wleń
49%
2 270 Radków
48%
10 797 Siechnice
48%
6 997 Sobótka
48%
6 782 Pieszyce
45%
6 207 Twardogóra
45%
2 654 Węgliniec
45%
6 474 Żarów
45%
4 481 Bierutów
44%
4 016 Leśna
44%
7 404 Chocianów
43%
2 703 Niemcza
43%
5 451 Pieńsk
43%
3 514 Prochowice
43%
4 810 Szczytna
43%
1 759 Lubomierz
42%
3 762 Mieroszów
42%
3 653 Mirsk
42%
3 464 Wojcieszów
42%
2 265 Wiązów
41%
5 930 Głuszyca
40%
2 331 Międzybórz
40%
2 015 Świerzawa
40%
2 557 Wąsosz
40%
3 766 Zawidów
40%
5 929 Piława Górna
39%
2 149 Prusice
39%
2 059 Miękinia
37%
4 115 Nowogrodziec
37%
4 313 Olszyna
37%
Nie znaleziono quizów pasujących do podanych kryteriów
Rozkład punktacji
Procent ludzi z każdym wynikiem
Percentyl według liczby udzielonych odpowiedzi
Twoja historia wyników
Nie rozwiązałeś tego quizu